| 000 | 01054cam a2200241Ii 4500 | ||
|---|---|---|---|
| 001 | seadevil00llew | ||
| 003 | CaSfIA | ||
| 005 | 20210119080814.0 | ||
| 007 | cr|||| | ||
| 008 | 790321t19791977nyu 000 1 eng d | ||
| 040 |
_aMNL _cMNL _dOCLCQ _dOCLCG _dCaSfIA |
||
| 035 | _a(OCoLC)4763553 | ||
| 092 | _afic | ||
| 100 | 1 |
_aLlewellyn, Sam, _d1948- |
|
| 245 | 1 | 0 |
_aSea devil / _h[electronic resource] _cby Sam Llewellyn. |
| 260 |
_aNew York: _bBantam, _c1979, c1977. |
||
| 300 |
_a250 p. ; _c18 cm. |
||
| 856 | 4 | 1 |
_uhttp://www.archive.org/details/seadevil00llew _zFree eBook from the Internet Archive |
| 856 | 4 | 2 |
_uhttp://www.openlibrary.org/books/OL24368466M _zAdditional information and access via Open Library |
| 942 | _cEB | ||
| 506 | _fНеобхідна авторизація на https://archive.org/ (створення облікового запису безкоштовно) | ||
| 506 | _fНеобхідна авторизація на https://openlibrary.org/ (створення облікового запису безкоштовно) | ||
| 999 |
_c546519 _d546519 |
||